000 00734nam a2200289Ia 4500
005 20260324112546.0
008 008 260324s9999 xx 000 0 eng d
020 _a9781003303107
037 _aEBOOK
040 _aCRL
040 _beng
040 _cCRL
041 _2eng
041 _aeng
084 _qCRL
100 _aSubrat Kumar Jena; S. Chakraverty
_91143201
245 0 _aStructural Dynamics in Uncertain Environments
245 0 _bMicro, Nano, and Functionally Graded Beam Analysis
260 _bTaylor and Francis
260 _c2024
365 _a
365 _b160
856 _uhttp://www.taylorfrancis.com/books/9781003303107
942 _cEBOOK
999 _c1732453
_d1732453